The noble scholar, jurist, historian


 His Excellency Dr. Abdul Wahhab bin Ibrahim Abu Sulaiman, may Allah have mercy on him.


 He was born in Umm Al-Qura in the year 1356 AH.

رحلات وزيارات الملك عبد العزيز الخارجية / (Record no. 10232)

MARC details
000 -LEADER
fixed length control field 01403cam a22003131i 4500
003 - CONTROL NUMBER IDENTIFIER
control field SA-RiAUC
005 - DATE AND TIME OF LATEST TRANSACTION
control field 20250723071929.0
008 - FIXED-LENGTH DATA ELEMENTS--GENERAL INFORMATION
fixed length control field 250722s2002 su o g b f00010dara c
020 ## - INTERNATIONAL STANDARD BOOK NUMBER
International Standard Book Number 9960782271
020 ## - INTERNATIONAL STANDARD BOOK NUMBER
International Standard Book Number 9960783271
040 ## - CATALOGING SOURCE
Original cataloging agency SA-JeALM
Language of cataloging ara
Transcribing agency SA-RiAUC
Description conventions rda
043 ## - GEOGRAPHIC AREA CODE
Geographic area code a-su---
050 #4 - LIBRARY OF CONGRESS CALL NUMBER
Item number .G43 2002
082 04 - DEWEY DECIMAL CLASSIFICATION NUMBER
Classification number 953.105
Assigning agency SA-RiAUC
090 ## - LOCALLY ASSIGNED LC-TYPE CALL NUMBER (OCLC); LOCAL CALL NUMBER (RLIN)
Classification number (OCLC) (R) ; Classification number, CALL (RLIN) (NR) 953.105
Local cutter number (OCLC) ; Book number/undivided call number, CALL (RLIN) غ ا م
100 1# - MAIN ENTRY--PERSONAL NAME
Personal name الغامدي، حسين بن محمد بن عبد الله،
Dates associated with a name 1375 هجري-
Relator term مؤلف.
245 10 - TITLE STATEMENT
Title رحلات وزيارات الملك عبد العزيز الخارجية /
Statement of responsibility, etc. حسين بن محمد الغامدي.
264 #1 - PRODUCTION, PUBLICATION, DISTRIBUTION, MANUFACTURE, AND COPYRIGHT NOTICE
Place of production, publication, distribution, manufacture الرياض :
Name of producer, publisher, distributor, manufacturer المهرجان الوطني للتراث والثقافة،
Date of production, publication, distribution, manufacture, or copyright notice 2002
300 ## - PHYSICAL DESCRIPTION
Extent 126 صفحة ؛
Other physical details صور ؛
Dimensions 22 سم.
336 ## - CONTENT TYPE
Content type term نص
Content type code txt
Source rdacontent
Materials specified كتاب
337 ## - MEDIA TYPE
Media type term بدون وسيط
Media type code n
Source rdamedia
338 ## - CARRIER TYPE
Carrier type term مجلد
Carrier type code nc
Source rdacarrier
490 0# - SERIES STATEMENT
Series statement إصدارات المهرجان الوطني للتراث والثقافة ؛
Volume/sequential designation 186
504 ## - BIBLIOGRAPHY, ETC. NOTE
Bibliography, etc. note ببليوجرافية : صفحة 122-126.
651 #7 - SUBJECT ADDED ENTRY--GEOGRAPHIC NAME
Geographic name السعودية
General subdivision تاريخ
Chronological subdivision عبد العزيز بن عبد الرحمن، 1319-1373 هجري
Source of heading or term aucsh
651 #7 - SUBJECT ADDED ENTRY--GEOGRAPHIC NAME
Geographic name السعودية
General subdivision علاقات خارجية
Chronological subdivision عبد العزيز بن عبد الرحمن، 1319-1373 هجري.
Source of heading or term aucsh
942 ## - ADDED ENTRY ELEMENTS (KOHA)
Source of classification or shelving scheme Dewey Decimal Classification
Koha item type Books
Suppress in OPAC No
949 ## - LOCAL PROCESSING INFORMATION (OCLC)
a SA-JeALM
d 250722
u osman123
n 1
Holdings
Withdrawn status Lost status Source of classification or shelving scheme Damaged status Not for loan Home library Current library Date acquired Total checkouts Full call number Barcode Date last seen Price effective from Koha item type
    Dewey Decimal Classification     DR AbdElwahab Library DR AbdElwahab Library 07/23/2025   953.105 غ ا م 000016596 07/23/2025 07/23/2025 Books